00385nam a2200145Ia 450000500170000000800410001703700130005804000200007104100130009108400280010410000170013224500440014926000370019330000090023020250326143137.0250326s9999 xx 000 0 und d aTextbook aFMSLbengcFMSL aeng2eng aX30bD658(2:55) P2qFMSL aCairncross F 4aThe Death of Distance 2_0cCairncross F aNew YorkbNew York, Texerec2001 a317p